000 00524nam a2200193Ia 4500
003 GCL
008 140319s9999 xx 000 0 eng d
040 _aGCL /
_cGCL
082 0 4 _a759.05
_bR A
100 1 _aJANSON, H.W.
245 1 0 _aART OF THE NINETEENTH CENTURY: PAINTING AND SCULPTURE /
_cJANSON, H.W.
700 1 _aROSENBLUM,ROBERT
260 _a[S.N] :
_bTHAMES AND HUDSON ،
_c1984
300 _a527
650 0 4 _aحسن فتحى
650 0 4 _aPAINTING
650 0 4 _aART MODERN 19TH CENTURY
942 _2ddc
_cBK
999 _c12231
_d12231